000 00804nam a2200193 a 4500
003 0
005 20250508102933.0
008 970101s19uu xx 00 eng d
050 _aPHS JF 1051
_b.T56 2004
100 _aTimbol, Daryl Kyle P.
245 _aA Study on the perceptions of the voters of Brgy. Putatan, Muntinlupa City on the characteristics that affect the winnability of political candidates /
_cDaryl Kyle P. Timbol.
260 _aLas PiƱas City, Philippines :
_bSouthville International School and Colleges,
_c2004.
300 _a30 pages :
_billustrations ;
_c28 cm.
504 _aIncludes bibliographical references.
650 _aVoting
_zPhilippines
_zMuntinlupa City.
650 _aPolitical candidates
_xPublic opinion.
650 _aPublic opinion
_zPhilippines.
942 _2lcc
_cPASS
999 _c97163
_d97163